[Event "World Rapid 2022"]
[Site "Almaty KAZ"]
[Date "2022.12.28"]
[Round "10.49"]
[White "Demchenko, Anton"]
[Black "Nesterov, Arseniy"]
[Result "0-1"]
[WhiteTitle "GM"]
[BlackTitle "GM"]
[WhiteElo "2632"]
[BlackElo "2573"]
[WhiteFideId "4160258"]
[BlackFideId "24198455"]
[EventDate "2022.12.26"]

1. e4 e5 2. Nf3 Nf6 3. Nxe5 d6 4. Nf3 Nxe4 5. Nc3 Nxc3 6. dxc3 Be7 7. Bf4 O-O 8.
Qd2 Nd7 9. O-O-O Nc5 10. h4 Re8 11. Ng5 h6 12. Bc4 Ne6 13. Nxe6 Bxe6 14. Bxe6
fxe6 15. Kb1 Rf8 16. Qe3 Qc8 17. Qe4 e5 18. Be3 c6 19. Bxh6 gxh6 20. Qg6+ Kh8
21. Qxh6+ Kg8 22. Qg6+ Kh8 23. Qh5+ Kg7 24. Rh3 Rf6 25. Rg3+ Kf8 26. Qh8+ Kf7
27. Qh5+ Ke6 28. Rg7 Kd7 29. Qxe5 Qf8 30. Rg4 Rxf2 31. Rgd4 Rf1 32. a4 Rxd1+ 33.
Rxd1 Qf6 34. Qg3 Rh8 35. Qg4+ Qe6 36. Qb4 Kc8 37. g3 d5 38. Qd4 Rg8 39. Qxa7
Rxg3 40. a5 Qe2 41. Rc1 Qe3 42. Qa8+ Kc7 43. h5 Bg5 44. Rf1 Rg1 45. Rxg1 Qxg1+
46. Ka2 Qe3 47. Qg8 Qf4 48. Qe8 Qf6 49. Qg8 Bh6 50. Qg3+ Qf4 51. Qg8 Qf8 52. Qe6
Kb8 53. a6 Ka7 54. axb7 Kxb7 55. b4 Kc7 56. c4 Qd6 57. Qf7+ Qd7 58. Qg6 Qd6 59.
Qf7+ Kb8 60. Kb3 Qg3+ 61. Ka4 Qe5 62. cxd5 Qa1+ 63. Kb3 Qb1+ 64. Kc3 Bg7+ 65.
Kd3 Qd1+ 66. Ke3 Qe1+ 67. Kd3 Qc3+ 68. Ke2 Qxc2+ 69. Kf3 Qd1+ 70. Ke4 cxd5+ 71.
Qxd5 Qh1+ 0-1

[Event "World Rapid 2022"]
[Site "Almaty KAZ"]
[Date "2022.12.28"]
[Round "10.50"]
[White "Ghaem Maghami, Ehsan"]
[Black "Ivic, Velimir"]
[Result "0-1"]
[WhiteTitle "GM"]
[BlackTitle "GM"]
[WhiteElo "2490"]
[BlackElo "2572"]
[WhiteFideId "12500739"]
[BlackFideId "950122"]
[EventDate "2022.12.26"]

1. d4 Nf6 2. c4 g6 3. Nc3 Bg7 4. e4 d6 5. Nf3 O-O 6. Be2 e5 7. O-O h6 8. Qc2
Nbd7 9. dxe5 dxe5 10. b3 Re8 11. Rd1 c6 12. Ba3 Bf8 13. Bxf8 Kxf8 14. c5 Kg7 15.
Na4 Qc7 16. Nb2 b6 17. cxb6 axb6 18. b4 Nf8 19. h3 Ne6 20. Nc4 Nf4 21. Bf1 Ba6
22. Rac1 Bxc4 23. Bxc4 Qe7 24. Rb1 b5 25. Bb3 Rac8 26. Rdc1 Red8 27. Qc5 Qxc5
28. Rxc5 Nd3 29. Rc3 Nxe4 30. Rxd3 Rxd3 31. Bc2 Rxf3 32. gxf3 Nd2 33. Rc1 Nxf3+
34. Kg2 0-1

[Event "World Rapid 2022"]
[Site "Almaty KAZ"]
[Date "2022.12.28"]
[Round "10.51"]
[White "Sanal, Vahap"]
[Black "Vokhidov, Shamsiddin"]
[Result "1/2-1/2"]
[WhiteTitle "GM"]
[BlackTitle "GM"]
[WhiteElo "2597"]
[BlackElo "2579"]
[WhiteFideId "6300545"]
[BlackFideId "14204223"]
[EventDate "2022.12.26"]

1. e4 c5 2. Nf3 e6 3. d3 d5 4. Qe2 Nc6 5. g3 Nf6 6. Bg2 Be7 7. O-O O-O 8. e5 Nd7
9. c4 d4 10. h4 Rb8 11. Bf4 b5 12. Ng5 Qc7 13. cxb5 Ncxe5 14. Na3 h6 15. Ne4 f5
16. Nd2 g5 17. hxg5 hxg5 18. Bxe5 Qxe5 19. Qh5 Qf6 20. Rfe1 g4 21. Rxe6 Qxe6 22.
Bd5 Qxd5 23. Qg6+ Kh8 24. Qh6+ 1/2-1/2

[Event "World Rapid 2022"]
[Site "Almaty KAZ"]
[Date "2022.12.28"]
[Round "10.52"]
[White "Bilguun, Sumiya"]
[Black "Brunello, Sabino"]
[Result "1/2-1/2"]
[WhiteTitle "GM"]
[BlackTitle "GM"]
[WhiteElo "2474"]
[BlackElo "2519"]
[WhiteFideId "4901541"]
[BlackFideId "813613"]
[EventDate "2022.12.26"]

1. e4 c5 2. Nc3 e6 3. Nf3 Nc6 4. d4 cxd4 5. Nxd4 Qc7 6. g3 a6 7. Bg2 Nf6 8. O-O
d6 9. Re1 Nd7 10. b3 Be7 11. Bb2 O-O 12. a4 Bf6 13. Nce2 Rd8 14. Qd2 Be7 15.
Rad1 Nf6 16. c4 Bd7 17. h3 Rac8 18. g4 h6 19. Kh1 Qb6 20. Nc1 Be8 21. Bc3 Qa7
22. Qe3 Qb8 23. Nce2 Nd7 24. Ng3 Nc5 25. Nh5 Nxd4 26. Bxd4 e5 27. Bb2 Ne6 28. f4
Nxf4 29. Nxf4 Bg5 30. Rf1 Bxf4 31. Rxf4 exf4 32. Qxf4 f6 33. h4 Qc7 34. g5 hxg5
35. hxg5 Qf7 36. Qh4 fxg5 37. Qxg5 Qh5+ 38. Qxh5 Bxh5 39. Rd5 Bf7 40. Rg5 g6 41.
Rg3 Rc5 42. Bf3 Kf8 43. e5 b6 44. exd6 Rxd6 45. Ba3 Rd3 46. Bxc5+ bxc5 47. Kg2
Ke7 48. Rg5 Kd6 49. Bd5 Bxd5+ 50. cxd5 a5 51. Rxg6+ Kxd5 52. Rb6 Rd4 53. Kf3 Rb4
54. Rxb4 axb4 55. Ke3 c4 56. bxc4+ Kxc4 57. Kd2 b3 58. Kc1 Kb4 59. Kb2 Kxa4 60.
Kb1 Kb4 61. Kb2 Kc4 62. Kb1 Kc3 63. Kc1 b2+ 64. Kb1 Kb3 1/2-1/2

[Event "World Rapid 2022"]
[Site "Almaty KAZ"]
[Date "2022.12.28"]
[Round "10.53"]
[White "Narayanan, S.L."]
[Black "Alonso Rosell, Alvar"]
[Result "1-0"]
[WhiteTitle "GM"]
[BlackTitle "GM"]
[WhiteElo "2669"]
[BlackElo "2561"]
[WhiteFideId "5058422"]
[BlackFideId "2270544"]
[EventDate "2022.12.26"]

1. e4 e5 2. Nf3 Nc6 3. Bb5 a6 4. Ba4 d6 5. O-O Bd7 6. c3 g6 7. d4 Bg7 8. Re1 Nf6
9. Nbd2 O-O 10. h3 Re8 11. Bc2 a5 12. Nf1 a4 13. Ng3 b5 14. Bg5 h6 15. Bd2 Na5
16. b3 axb3 17. axb3 c5 18. d5 Qe7 19. Be3 Reb8 20. Ra2 Qd8 21. Qe2 Nb7 22. Rea1
Rxa2 23. Rxa2 Ra8 24. Bd3 Rxa2 25. Qxa2 Qa5 26. Qxa5 Nxa5 27. b4 cxb4 28. cxb4
Nc4 29. Bc1 Ne8 30. Nd2 Nxd2 31. Bxd2 Bf6 32. Be3 Bg5 33. Bb6 Kf8 34. Kf1 Bd2
35. Ba5 Ke7 36. Ke2 Bc3 37. Kd1 Nf6 38. Ne2 Ba1 39. Kc2 Nh5 40. Kb1 Bd4 41. Nxd4
exd4 42. Bb6 f5 43. f3 Nf4 44. Bf1 fxe4 45. fxe4 d3 46. Kc1 Ne2+ 47. Kd2 Kf6 48.
Bf2 Ke5 49. Kxd3 Nf4+ 50. Ke3 g5 51. Bg3 Be8 52. Be2 Bg6 53. Bf3 Bh7 54. h4 Bg6
55. h5 Be8 56. Bg4 Bf7 57. Bh2 Kf6 58. Bxf4 gxf4+ 59. Kxf4 Be8 60. g3 Ke7 61. e5
Bf7 62. e6 Be8 63. Kf5 Kf8 64. Kf6 Bf7 65. e7+ 1-0

[Event "World Rapid 2022"]
[Site "Almaty KAZ"]
[Date "2022.12.28"]
[Round "10.54"]
[White "Makarian, Rudik"]
[Black "Aravindh, Chithambaram VR."]
[Result "0-1"]
[WhiteTitle "IM"]
[BlackTitle "GM"]
[WhiteElo "2554"]
[BlackElo "2607"]
[WhiteFideId "44105681"]
[BlackFideId "5072786"]
[EventDate "2022.12.26"]

1. d3 d5 2. f4 Nf6 3. Nf3 g6 4. g3 Bg7 5. Bg2 O-O 6. O-O c5 7. Ne5 Nbd7 8. e4 e6
9. Nxd7 Bxd7 10. e5 Ne8 11. Qe2 f6 12. exf6 Qxf6 13. Nd2 Nd6 14. Nf3 Nf7 15. c3
Rac8 16. Bd2 Rfe8 17. Rae1 Bb5 18. Ne5 Nxe5 19. fxe5 Qe7 20. h4 h6 21. c4 Bc6
22. Qg4 Kh7 23. h5 gxh5 24. Qxh5 Rf8 25. cxd5 Bxd5 26. Bxd5 exd5 27. Rxf8 Rxf8
28. e6 d4 29. Bf4 c4 30. Qd5 Qf6 31. Qxc4 Qg6 32. Re4 Rxf4 0-1

[Event "World Rapid 2022"]
[Site "Almaty KAZ"]
[Date "2022.12.28"]
[Round "10.55"]
[White "Harutyunyan, Tigran K."]
[Black "Riazantsev, Alexander"]
[Result "1-0"]
[WhiteTitle "GM"]
[BlackTitle "GM"]
[WhiteElo "2511"]
[BlackElo "2626"]
[WhiteFideId "13303635"]
[BlackFideId "4125029"]
[EventDate "2022.12.26"]

1. d4 Nf6 2. c4 e6 3. Nc3 Bb4 4. a3 Bxc3+ 5. bxc3 c6 6. e3 d5 7. Bd3 O-O 8. Ne2
b6 9. cxd5 cxd5 10. c4 Ba6 11. cxd5 Qxd5 12. O-O Bxd3 13. Qxd3 Nbd7 14. Nc3 Qb7
15. e4 Rfd8 16. Bg5 h6 17. Bh4 Rac8 18. Qe3 Re8 19. f3 b5 20. Rfb1 a6 21. a4 b4
22. a5 Rc4 23. Be1 Rb8 24. Nd1 Qb5 25. Rb3 e5 26. dxe5 Nxe5 27. Nb2 Rc2 28. Rxb4
Qe8 29. Nd3 Rbc8 30. Nf4 Nc4 31. Qd3 Nb2 32. Qxa6 Qe5 33. Rb1 Qc5+ 34. Kf1 Nc4
35. Rb5 Qc7 36. Qxc8+ Qxc8 37. Rb8 Ne3+ 38. Kg1 Qxb8 39. Rxb8+ Kh7 40. Rb3 Nc4
41. Rc3 Rxc3 42. Bxc3 Nd7 1-0

[Event "World Rapid 2022"]
[Site "Almaty KAZ"]
[Date "2022.12.28"]
[Round "10.56"]
[White "Ponkratov, Pavel"]
[Black "Tang, Andrew"]
[Result "1-0"]
[WhiteTitle "GM"]
[BlackTitle "GM"]
[WhiteElo "2577"]
[BlackElo "2540"]
[WhiteFideId "4157800"]
[BlackFideId "2059630"]
[EventDate "2022.12.26"]

1. e4 e5 2. Nf3 Nc6 3. Bb5 g6 4. c3 a6 5. Bc4 f5 6. d3 Bg7 7. Ng5 Nh6 8. h4 Na5
9. f3 Nxc4 10. dxc4 O-O 11. c5 Qe7 12. Be3 Nf7 13. Qd5 d6 14. Nd2 h6 15. Nxf7
Rxf7 16. cxd6 cxd6 17. O-O-O Be6 18. Qa5 b5 19. h5 f4 20. hxg6 Rf6 21. Bf2 Rxg6
22. Rhg1 Qd8 23. Bb6 Qc8 24. Nb3 Qc6 25. Bf2 Bf6 26. Qb6 Qxb6 27. Bxb6 Be7 28.
Na5 Rc8 29. Rd2 b4 30. Rd3 d5 31. Bf2 bxc3 32. exd5 cxb2+ 33. Kxb2 Bf5 34. Rc3
Rb8+ 35. Rb3 Rxb3+ 36. Kxb3 e4 37. Nc6 Bf6 38. Bd4 exf3 39. Bxf6 f2 40. Rf1 Rxf6
41. Rxf2 Be4 42. Kc4 Kf7 43. Kd4 Bg6 44. Kc5 Be4 45. d6 Ke6 46. Nd4+ Kd7 47. Re2
f3 48. Rxe4 f2 49. Re7+ Kc8 50. Nc6 Rf5+ 1-0

[Event "World Rapid 2022"]
[Site "Almaty KAZ"]
[Date "2022.12.28"]
[Round "10.57"]
[White "Tari, Aryan"]
[Black "Aleksandrov, Aleksej"]
[Result "1-0"]
[WhiteTitle "GM"]
[BlackTitle "GM"]
[WhiteElo "2659"]
[BlackElo "2495"]
[WhiteFideId "1510045"]
[BlackFideId "13500139"]
[EventDate "2022.12.26"]

1. e4 e5 2. Nf3 Nc6 3. Bc4 Bc5 4. c3 Nf6 5. d3 h6 6. O-O d6 7. Re1 O-O 8. h3 Re8
9. Nbd2 Be6 10. Bb5 a6 11. Bxc6 bxc6 12. d4 exd4 13. cxd4 Bb6 14. Nf1 Bd7 15.
Ng3 Re7 16. Bf4 Qe8 17. Qc2 Nh7 18. e5 dxe5 19. dxe5 Nf8 20. Nh5 f5 21. Ng3 Ng6
22. Nh5 Nf8 23. Ng3 Ng6 24. Bd2 Nxe5 25. Nh4 g6 26. Bxh6 Nf7 27. Bd2 Nd6 28.
Rxe7 Qxe7 29. Nxg6 Qg7 30. Qb3+ Kh7 31. Nf4 Rg8 32. Re1 Ne4 1-0

[Event "World Rapid 2022"]
[Site "Almaty KAZ"]
[Date "2022.12.28"]
[Round "10.58"]
[White "Khusnutdinov, Rustam"]
[Black "Urazayev, Arystanbek"]
[Result "1/2-1/2"]
[WhiteTitle "GM"]
[BlackTitle "IM"]
[WhiteElo "2441"]
[BlackElo "2465"]
[WhiteFideId "13701703"]
[BlackFideId "13709810"]
[EventDate "2022.12.26"]

1. d4 Nf6 2. Nf3 e6 3. Bf4 b6 4. e3 c5 5. Nbd2 Be7 6. h3 O-O 7. c3 d6 8. Bh2 Ba6
9. Bxa6 Nxa6 10. O-O Qc8 11. Qe2 Qb7 12. a4 Rac8 13. Nc4 Rfd8 14. Rfd1 Ne4 15.
Nfd2 Nxd2 16. Rxd2 cxd4 17. exd4 Nc7 18. Ne3 Bg5 19. Qh5 Bxe3 20. fxe3 Qe4 21.
Qf3 f5 22. b3 Nd5 23. c4 Nf6 24. Rc1 Rd7 25. Rdd1 g6 26. Bf4 Qc6 27. Qf1 Qb7 28.
c5 bxc5 29. dxc5 dxc5 30. Be5 Rxd1 31. Rxd1 Nd5 32. Qc4 Re8 33. Qxc5 Qxb3 34.
Re1 Qb4 35. Rc1 Qd2 36. Bd4 Re7 37. Rb1 Kf7 38. Rb8 f4 39. Qc8 Qe1+ 40. Kh2 Qg3+
41. Kg1 Qe1+ 42. Kh2 1/2-1/2

[Event "World Rapid 2022"]
[Site "Almaty KAZ"]
[Date "2022.12.28"]
[Round "10.59"]
[White "Sankalp, Gupta"]
[Black "Vakhidov, Jakhongir"]
[Result "1-0"]
[WhiteTitle "GM"]
[BlackTitle "GM"]
[WhiteElo "2485"]
[BlackElo "2607"]
[WhiteFideId "5097010"]
[BlackFideId "14201801"]
[EventDate "2022.12.26"]

1. e4 d5 2. exd5 Qxd5 3. Nc3 Qd6 4. d4 Nf6 5. Nf3 g6 6. Ne5 Bg7 7. Bc4 O-O 8.
O-O Nc6 9. Nb5 Qd8 10. Nxc6 bxc6 11. Nc3 Rb8 12. Bb3 Qd6 13. Ne2 Ba6 14. c4 Ng4
15. Bf4 e5 16. Bg3 Qe7 17. h3 Nh6 18. Bxe5 Bxe5 19. dxe5 Qxe5 20. Nc3 Nf5 21.
Re1 Qg7 22. Qd7 Qd4 23. Rad1 Qxd7 24. Rxd7 Bc8 25. Rxc7 Be6 26. Rd1 Rfd8 27.
Rxd8+ Rxd8 28. Rxc6 Rd2 29. Na4 Nd4 30. Ra6 Ne2+ 31. Kh2 Nf4 32. Rxa7 g5 33. Kg1
Ne2+ 34. Kf1 Nf4 35. Rc7 Bf5 36. Nc5 Rxb2 37. Kg1 Rb1+ 38. Kh2 Rb2 39. Kg3 Ne2+
40. Kf3 Ng1+ 41. Ke3 Re2+ 42. Kd4 Rxf2 43. a4 Rxg2 44. a5 Nf3+ 45. Ke3 Nd2 46.
Rb7 Nxb3 47. Nxb3 Ra2 48. c5 h5 49. c6 g4 50. hxg4 Bxg4 51. c7 Kg7 52. Rb5 Kg6
53. Nc5 h4 54. Kf4 Bh3 55. a6 f6 56. Rb7 Rf2+ 57. Ke3 Ra2 58. Rb4 Ra3+ 59. Kd2
Kh5 60. Ra4 Rg3 61. a7 1-0

[Event "World Rapid 2022"]
[Site "Almaty KAZ"]
[Date "2022.12.28"]
[Round "10.60"]
[White "Lintchevski, Daniil"]
[Black "Gadimbayli, Abdulla"]
[Result "1/2-1/2"]
[WhiteTitle "GM"]
[BlackTitle "GM"]
[WhiteElo "2548"]
[BlackElo "2524"]
[WhiteFideId "4171055"]
[BlackFideId "13404938"]
[EventDate "2022.12.26"]

1. Nf3 Nf6 2. c4 e6 3. Nc3 d5 4. d4 Bb4 5. Bg5 h6 6. Bxf6 Qxf6 7. e3 O-O 8. Rc1
Nc6 9. cxd5 exd5 10. a3 Bxc3+ 11. Rxc3 Ne7 12. Ne5 c6 13. Qf3 Qxf3 14. Nxf3 Nf5
15. Bd3 Nd6 16. O-O Bf5 17. Bxf5 Nxf5 18. Ne5 Rfe8 19. g3 f6 20. Nd3 Re7 21. Nc5
Kf7 22. a4 Nd6 23. a5 a6 24. h4 Ne4 25. Nxe4 Rxe4 26. h5 f5 27. Rb3 Re7 28. Kg2
Kf6 29. Rh1 Rc8 30. Kf3 Kg5 31. Rc3 Re4 32. Rb3 Rc7 33. Rc3 Rce7 34. Rb3 Rc7 35.
Rc3 Rce7 36. Rcc1 Re8 37. Rcd1 R8e7 38. Ke2 R4e6 39. Kd3 Re4 40. Rdf1 Re8 41.
Rh2 R8e7 42. Rfh1 R7e6 43. Re1 Kg4 44. Ke2 Kg5 45. Rd1 Re7 46. Kf3 R7e6 47. Rdh1
Re7 48. Rh4 Rxh4 49. Rxh4 Re4 50. Rh1 Re7 51. Ke2 Re6 52. f4+ Kf6 53. Rg1 Kf7
54. g4 fxg4 55. Rxg4 Rf6 56. Kf3 Rf5 57. Rh4 Ke6 58. Rh1 Kf7 59. Kg4 Rf6 60. Rg1
Re6 61. Kf3 Rf6 62. Rg3 Rf5 63. Kg4 Rf6 64. f5 Rd6 65. Kf4 Rd7 66. Ke5 Re7+ 67.
Kd6 Re4 68. b4 Re8 69. Kd7 Re7+ 70. Kd8 Re8+ 71. Kc7 Re7+ 72. Kd6 Re8 73. Rg6
Rxe3 74. Re6 Re4 75. Kc5 Rxe6 76. fxe6+ Kxe6 77. Kb6 g5 78. hxg6 h5 79. Kxb7 h4
80. Kxa6 h3 81. g7 Kf7 82. Kb7 h2 83. a6 h1=Q 84. a7 Kxg7 85. a8=Q Qf1 86. Qa5
Qf6 87. Qc7+ Kf8 88. Qb6 Ke7 89. Qxc6 Qxd4 90. b5 Qc4 91. b6 Qb3 92. Kb8 d4 93.
Qc5+ Kd7 94. Qxd4+ Kc6 95. Qf6+ Kb5 96. b7 Qg3+ 97. Kc8 Qg8+ 98. Kd7 Qd5+ 99.
Kc7 Qc4+ 100. Kd8 Qd5+ 101. Kc8 Qc4+ 102. Kd7 Qd5+ 103. Kc7 Qc4+ 104. Kd8 Qd5+
105. Kc8 Qc4+ 106. Kb8 Qg8+ 107. Kc7 Qc4+ 108. Kd8 Qd5+ 109. Kc8 Qc4+ 110. Kb8
Qg8+ 1/2-1/2

[Event "World Rapid 2022"]
[Site "Almaty KAZ"]
[Date "2022.12.28"]
[Round "10.61"]
[White "Madaminov, Mukhiddin"]
[Black "Petrov, Nikita"]
[Result "1/2-1/2"]
[WhiteTitle "IM"]
[BlackTitle "GM"]
[WhiteElo "2438"]
[BlackElo "2537"]
[WhiteFideId "14210703"]
[BlackFideId "4101286"]
[EventDate "2022.12.26"]

1. d4 Nf6 2. Nc3 d5 3. Bf4 Bf5 4. f3 e6 5. g4 Bg6 6. h4 h5 7. g5 Nfd7 8. e3 Bb4
9. Bd3 c5 10. Bxg6 fxg6 11. Qd3 Kf7 12. Ne2 Nc6 13. O-O-O c4 14. Qd2 b5 15. e4
Bxc3 16. Nxc3 b4 17. Nb5 Qa5 18. Nd6+ Kg8 19. Kb1 Kh7 20. Rhe1 Rhf8 21. exd5
Qxd5 22. Qe3 Nb6 23. Nb7 b3 24. axb3 cxb3 25. cxb3 Nb4 26. Nc5 Qf5+ 27. Qe4 Qxf4
28. Nxe6 Qxe4+ 29. fxe4 Rf2 30. Rf1 Re2 31. Rde1 Rh2 32. Rf7 Nd3 33. Rxg7+ Kh8
34. Rf1 Rxb2+ 35. Ka1 Rc8 36. Rxg6 Rf2 37. Rxf2 Nxf2 38. Rh6+ Kg8 39. Rg6+ Kh7
40. Rh6+ Kg8 41. Rg6+ Kh7 42. Rh6+ Kg8 43. Rg6+ Kh7 44. Rh6+ Kg8 45. Rg6+ 1/2-1/2

[Event "World Rapid 2022"]
[Site "Almaty KAZ"]
[Date "2022.12.28"]
[Round "10.62"]
[White "Durarbayli, Vasif"]
[Black "Arjun, Kalyan"]
[Result "1-0"]
[WhiteTitle "GM"]
[BlackTitle "GM"]
[WhiteElo "2612"]
[BlackElo "2505"]
[WhiteFideId "13402935"]
[BlackFideId "35018701"]
[EventDate "2022.12.26"]

1. e4 e5 2. Nf3 Nc6 3. d4 exd4 4. Nxd4 Nf6 5. Nxc6 bxc6 6. e5 Qe7 7. Qe2 Nd5 8.
h4 Qe6 9. Nd2 a5 10. Nf3 Ba6 11. c4 Bb4+ 12. Bd2 Qe7 13. O-O-O Nb6 14. Qe4 d5
15. cxd5 cxd5 16. Qg4 Bxf1 17. Rhxf1 O-O 18. Bg5 Qe6 19. Qg3 Nc4 20. Bf6 g6 21.
Qf4 Rfb8 22. b3 Ba3+ 23. Kc2 Nb2 24. Nd4 Qb6 25. Nf5 Nxd1 26. Qh6 Qc5+ 27. Kxd1
Qf8 28. Qg5 h6 29. Nxh6+ Kh7 30. Ng4 Rb4 31. h5 Rd4+ 32. Ke2 Re4+ 33. Kf3 Rxg4
34. hxg6+ Kg8 35. Kxg4 Qb4+ 36. Kg3 Qe4 37. Rh1 fxg6 38. f3 Qc2 39. e6 Bd6+ 40.
Be5 1-0

[Event "World Rapid 2022"]
[Site "Almaty KAZ"]
[Date "2022.12.28"]
[Round "10.63"]
[White "Dardha, Daniel"]
[Black "Khusenkhojaev, Mustafokhuja"]
[Result "1-0"]
[WhiteTitle "GM"]
[WhiteElo "2606"]
[BlackElo "2265"]
[WhiteFideId "240990"]
[BlackFideId "14700727"]
[EventDate "2022.12.26"]

1. d4 Nf6 2. Bg5 d5 3. e3 g6 4. Bxf6 exf6 5. g3 Be6 6. Bg2 c6 7. Ne2 Bd6 8. Nd2
f5 9. Qc1 Nd7 10. O-O O-O 11. c4 dxc4 12. Nxc4 Bc7 13. Qc2 Nf6 14. b4 Bd5 15.
Bxd5 Qxd5 16. Qb3 a6 17. Nc3 Qf3 18. Qd1 Qxd1 19. Rfxd1 Rfd8 20. Rdc1 Nd5 21.
Rab1 Nxc3 22. Rxc3 Rd5 23. a4 f6 24. Rc2 Kf7 25. Nb2 Bd6 26. Nd3 Be7 27. Kg2 h5
28. h4 g5 29. Rh1 Rh8 30. Kf3 Kg6 31. Rb1 Rh7 32. Ke2 Bf8 33. Rh1 a5 34. bxa5
Rxa5 35. Ra1 Rc7 36. Rb2 b5 37. Rba2 Rca7 38. hxg5 Kxg5 39. Nf4 Bd6 40. Ne6+ Kg6
41. Nd8 Rxa4 42. Rxa4 Rxa4 43. Rb1 Ra2+ 44. Kf3 Rc2 45. d5 cxd5 46. Rxb5 Rc5 47.
Rb7 Rc7 48. Rb6 Be5 49. Ne6 Rc4 50. Rb7 h4 51. Nf8+ Kh6 52. Rh7+ Kg5 53. gxh4+
Rxh4 54. Ne6+ 1-0

[Event "World Rapid 2022"]
[Site "Almaty KAZ"]
[Date "2022.12.28"]
[Round "10.65"]
[White "Sapenov, Daniyal"]
[Black "Kadric, Denis"]
[Result "1-0"]
[WhiteTitle "FM"]
[BlackTitle "GM"]
[WhiteElo "2323"]
[BlackElo "2584"]
[WhiteFideId "13728911"]
[BlackFideId "14403803"]
[EventDate "2022.12.26"]

1. d4 Nf6 2. c4 d6 3. Nf3 g6 4. Nc3 Bf5 5. g3 Bg7 6. Bg2 Qc8 7. O-O O-O 8. Re1
a5 9. e4 Bg4 10. Qd3 Nc6 11. e5 Nd7 12. exd6 cxd6 13. Nb5 d5 14. b3 dxc4 15.
bxc4 e5 16. Ba3 Rd8 17. Nd6 Qb8 18. Nxf7 Bf5 19. Qb3 a4 20. Qb5 Ra5 21. Nxd8
Rxb5 22. Nxc6 bxc6 23. cxb5 cxb5 24. Nxe5 Nxe5 25. dxe5 Bxe5 26. Rad1 Bc3 27.
Bd6 Qb6 28. Re8+ Kf7 29. Rb8 Qa5 30. a3 Be6 31. h4 Bc4 32. Rb7+ Kf6 33. Bf4 b4
34. Rd6+ Kf5 1-0

[Event "World Rapid 2022"]
[Site "Almaty KAZ"]
[Date "2022.12.28"]
[Round "10.66"]
[White "Batsuren, Dambasuren"]
[Black "Narayanan, Srinath"]
[Result "1-0"]
[WhiteTitle "GM"]
[BlackTitle "GM"]
[WhiteElo "2525"]
[BlackElo "2559"]
[WhiteFideId "4902920"]
[BlackFideId "5018420"]
[EventDate "2022.12.26"]

1. d4 d5 2. c4 dxc4 3. e4 e5 4. Nf3 Bb4+ 5. Nc3 Nf6 6. Qa4+ Nc6 7. d5 Nxe4 8.
dxc6 Nxc3 9. bxc3 Bxc3+ 10. Bd2 b5 11. Qd1 Bxa1 12. Qxa1 O-O 13. a4 e4 14. Nd4
bxa4 15. Bxc4 Qf6 16. O-O Bg4 17. h3 Bh5 18. Be3 a5 19. Qxa4 Rfb8 20. Bb5 Qe5
21. Rc1 f6 22. g3 Bf3 23. Bf4 Qe7 24. Rc3 g5 25. Be3 Qb4 26. Qa2+ Kh8 27. Qe6
Qxc3 28. Qxf6+ Kg8 29. Qxg5+ Kh8 30. Qe5+ Kg8 31. Qd5+ Kh8 32. Nxf3 Rd8 33. Qxe4
a4 34. Ne5 Rd1+ 35. Kg2 Rf8 36. Bd3 Rxd3 37. Nxd3 Kg8 38. Qd5+ 1-0

[Event "World Rapid 2022"]
[Site "Almaty KAZ"]
[Date "2022.12.28"]
[Round "10.67"]
[White "Munkhgal, Gombosuren"]
[Black "Makhnev, Denis"]
[Result "0-1"]
[WhiteTitle "GM"]
[BlackTitle "GM"]
[WhiteElo "2463"]
[BlackElo "2481"]
[WhiteFideId "4901266"]
[BlackFideId "13707647"]
[EventDate "2022.12.26"]

1. d4 Nf6 2. c4 e6 3. Nc3 Bb4 4. Qc2 d5 5. cxd5 Qxd5 6. Nf3 Qf5 7. Qxf5 exf5 8.
a3 Be7 9. Bf4 c6 10. h3 Be6 11. e3 Nbd7 12. Bd3 g6 13. O-O O-O 14. Rac1 Nd5 15.
Nxd5 Bxd5 16. Ne5 Nxe5 17. Bxe5 a5 18. g4 fxg4 19. hxg4 Bf3 20. Kh2 Bxg4 21. Kg3
Be6 22. Rh1 f6 23. Bf4 Rf7 24. Kg2 f5 25. Be5 Bf6 26. Bxf6 Rxf6 27. Rc5 f4 28.
Re1 fxe3 29. fxe3 Raf8 30. Re2 Bg4 31. Rd2 Re8 32. Re5 Rxe5 33. dxe5 Rf8 34.
Bc4+ Kg7 35. e6 Kf6 36. Rd7 b5 37. Ba2 h5 38. Rd6 Ke7 39. Rd7+ Kf6 40. Rd6 Bf5
41. Kg3 c5 42. e4 Bg4 43. Rb6 b4 44. Rc6 Rd8 45. Rxc5 Rd2 0-1

[Event "World Rapid 2022"]
[Site "Almaty KAZ"]
[Date "2022.12.28"]
[Round "10.68"]
[White "Svane, Frederik"]
[Black "Utegaliyev, Azamat"]
[Result "1-0"]
[WhiteTitle "GM"]
[WhiteElo "2568"]
[BlackElo "2445"]
[WhiteFideId "12923044"]
[BlackFideId "13702467"]
[EventDate "2022.12.26"]

1. e4 c5 2. Nf3 Nf6 3. e5 Nd5 4. Nc3 Nxc3 5. dxc3 Nc6 6. h4 e6 7. h5 h6 8. Bf4
Qb6 9. b3 Qc7 10. Bd3 b6 11. Qe2 Bb7 12. O-O O-O-O 13. Rfe1 Be7 14. a4 Rdg8 15.
Nd2 g5 16. Bg3 Na5 17. Rab1 g4 18. b4 cxb4 19. cxb4 Nc6 20. c3 Rg5 21. a5 Rxh5
22. axb6 axb6 23. Nc4 Rg8 24. Qe3 Bg5 25. Qe4 Be7 26. Qe3 Bg5 27. Qe4 Be7 28.
Nd6+ Bxd6 29. exd6 Qd8 30. Ra1 b5 31. c4 f5 32. Qe3 e5 33. cxb5 f4 34. Qc5 fxg3
35. bxc6 gxf2+ 36. Qxf2 dxc6 37. Bf5+ Rxf5 38. Qxf5+ Kb8 39. Qxe5 Rg5 40. Qe8
Rg8 41. d7 Kc7 1-0

[Event "World Rapid 2022"]
[Site "Almaty KAZ"]
[Date "2022.12.28"]
[Round "10.70"]
[White "Muradli, Mahammad"]
[Black "Munkhdalai, Amilal"]
[Result "1/2-1/2"]
[WhiteTitle "GM"]
[BlackTitle "FM"]
[WhiteElo "2540"]
[BlackElo "2142"]
[WhiteFideId "13409301"]
[BlackFideId "4903250"]
[EventDate "2022.12.26"]

1. c4 Nf6 2. Nc3 e6 3. Nf3 d5 4. d4 c6 5. Bg5 Be7 6. e3 h6 7. Bf4 Nbd7 8. a3 O-O
9. h3 b6 10. cxd5 Nxd5 11. Nxd5 cxd5 12. Rc1 Nf6 13. Bc7 Qe8 14. Ne5 Bd7 15. Ba6
Bd8 16. O-O Bb5 17. Bxb5 Qxb5 18. Qd3 Qxd3 19. Nxd3 Ne4 20. Bh2 Nd2 21. Rfd1 Nc4
22. b3 Na5 23. Bd6 Re8 24. Rc3 Be7 25. Bxe7 Rxe7 26. Rdc1 f6 27. h4 g5 28. h5
Kf7 29. g4 Rd8 30. Kg2 Rb8 31. Kh3 Rd8 32. f4 Kg7 33. Nb4 Rdd7 34. Kg3 Rb7 35.
Kf3 Rbd7 36. Nd3 Rd8 37. Ke2 Rdd7 38. R1c2 Rb7 39. Kd2 Rbd7 40. Kc1 Nb7 41. Rc6
Na5 42. R6c3 Nb7 43. Kb2 Nd6 44. Rc6 Ne4 45. a4 Rb7 46. Rc8 Rbd7 47. Ra8 Rc7 48.
Rc8 Rxc8 49. Rxc8 Ng3 50. Rc1 Ne4 51. Ka3 Ng3 52. Kb4 f5 53. gxf5 exf5 54. Ne5
gxf4 55. exf4 Nxh5 56. Rf1 a6 57. Kc3 Rc7+ 58. Kd3 Kh7 59. b4 b5 60. a5 Rg7 61.
Ke3 Rg3+ 62. Rf3 Rg7 63. Nd3 Nf6 64. Nc5 Rg6 65. Rh3 h5 66. Kf3 Kh6 67. Nxa6 Rg1
68. Nc7 Rb1 69. a6 Ra1 70. Rh2 Ra3+ 71. Kg2 Ne4 72. Rh3 Ra2+ 73. Kf1 Ra1+ 74.
Ke2 Ra2+ 75. Ke1 Ra1+ 76. Ke2 Ra2+ 77. Kf1 Ra1+ 78. Kg2 Ra2+ 79. Kg1 Ra1+ 80.
Kg2 Ra2+ 1/2-1/2